000 00791cam a2200217 4500
008 000000n2002 000 0 eng u
020 _a1900858770
035 _a(Sirsi) u117285
110 _aBuilding Maintenance Information
_93229
245 _aOccupancy costs of retail premises
260 _aLondon
_bBMI
_c2002
300 _a78p.
_c30cm.
490 _aBMI Special Report
_v308
520 _aThis item is part of a subscription service and cannot be photocopied. Neither can any part of it be read over the phone. Please contact BMI direct on +44 (0)20 7222 7000 for details.
650 _aOCCUPANCY COSTS
650 _aOCCUPANCY COST PLANS
650 _aRETAIL PREMISES
650 _aBENCHMARKING
690 _aBUILDING AND CONSTRUCTION-REPAIRS AND MAINTENANCE
942 _n0
999 _c101968
_d101968